Online katalóg knižníc regiónu Turca

Atlas kráľovstva zvierat (Record no. 21316)

MARC details
000 -LEADER
fixed length control field 01523cam a2200481 a 4500
001 - CONTROL NUMBER
control field 21316
003 - CONTROL NUMBER IDENTIFIER
control field VRT
005 - DATE AND TIME OF LATEST TRANSACTION
control field 20260226125821.0
008 - FIXED-LENGTH DATA ELEMENTS--GENERAL INFORMATION
fixed length control field 180122s2016 xo ab a 000 0 slo
015 ## - NATIONAL BIBLIOGRAPHY NUMBER
National bibliography number SNBA2017/05
020 ## - INTERNATIONAL STANDARD BOOK NUMBER
International Standard Book Number 9788080884765
Qualifying information (viaz.)
039 #9 - LEVEL OF BIBLIOGRAPHIC CONTROL AND CODING DETAIL [OBSOLETE]
Level of rules in bibliographic description 202504231110
Level of effort used to assign nonsubject heading access points AUTHORITY
Level of effort used to assign subject headings 201801221454
Level of effort used to assign classification VLOAD
Level of effort used to assign subject headings 201801190921
Level of effort used to assign classification AUTHORITY
Level of effort used to assign subject headings 201705031143
Level of effort used to assign classification msnk24
040 ## - CATALOGING SOURCE
Original cataloging agency TTKJF
Language of cataloging slo
Transcribing agency TTKJF
Modifying agency SNK
Description conventions AACR2
041 1# - LANGUAGE CODE
Language code of text/sound track or separate title slo
Language code of original und
043 ## - GEOGRAPHIC AREA CODE
Geographic area code x------
044 ## - COUNTRY OF PUBLISHING/PRODUCING ENTITY CODE
MARC country code xo
ISO country code SK
072 #7 - SUBJECT CATEGORY CODE
Subject category code 59
Subject category code subdivision Zoológia
Source konspekt
072 #7 - SUBJECT CATEGORY CODE
Subject category code 0/9-053.2
Subject category code subdivision Literatúra pre deti a mládež (náučná)
Source konspekt
080 ## - UNIVERSAL DECIMAL CLASSIFICATION NUMBER
Universal Decimal Classification number 592/599
Edition identifier 2011
080 ## - UNIVERSAL DECIMAL CLASSIFICATION NUMBER
Universal Decimal Classification number (0.025.2)
Edition identifier 2011
080 ## - UNIVERSAL DECIMAL CLASSIFICATION NUMBER
Universal Decimal Classification number (0.05)
Edition identifier 2011
080 ## - UNIVERSAL DECIMAL CLASSIFICATION NUMBER
Universal Decimal Classification number (100)
Edition identifier 2011
245 00 - TITLE STATEMENT
Title Atlas kráľovstva zvierat
Statement of responsibility, etc. [preklad Monika Srnková]
260 ## - PUBLICATION, DISTRIBUTION, ETC.
Place of publication, distribution, etc. Bratislava
Name of publisher, distributor, etc. Matys
Date of publication, distribution, etc. c2016
300 ## - PHYSICAL DESCRIPTION
Extent [18] s.
Other physical details fareb. ilustr., mp.
Dimensions 23 x 23 cm
500 ## - GENERAL NOTE
General note Kartónové listy
650 07 - SUBJECT ADDED ENTRY--TOPICAL TERM
Topical term or geographic name entry element zvieratá
Source of heading or term SNKPH
650 07 - SUBJECT ADDED ENTRY--TOPICAL TERM
Topical term or geographic name entry element Animals
Source of heading or term SNKPHeng
651 #7 - SUBJECT ADDED ENTRY--GEOGRAPHIC NAME
Geographic name Countries of the world
Source of heading or term SNKPHeng
651 #7 - SUBJECT ADDED ENTRY--GEOGRAPHIC NAME
Geographic name krajiny sveta
Source of heading or term SNKPH
655 #7 - INDEX TERM--GENRE/FORM
Genre/form data or focus term publikácie pre deti
Source of term SNKPH
655 #7 - INDEX TERM--GENRE/FORM
Genre/form data or focus term leporelá
Source of term SNKPH
655 #7 - INDEX TERM--GENRE/FORM
Genre/form data or focus term Children's literature
Source of term SNKPHeng
655 #7 - INDEX TERM--GENRE/FORM
Genre/form data or focus term Picture books for children
Source of term SNKPHeng
700 1# - ADDED ENTRY--PERSONAL NAME
Personal name Srnková, Monika
Relationship trl
910 ## - USER-OPTION DATA (OCLC)
User-option data ttkjf
910 ## - USER-OPTION DATA (OCLC)
User-option data pokpoh
910 ## - USER-OPTION DATA (OCLC)
User-option data hevk
910 ## - USER-OPTION DATA (OCLC)
User-option data snk
942 ## - ADDED ENTRY ELEMENTS (KOHA)
Source of classification or shelving scheme Dewey Decimal Classification
Koha item type Odborná literatúra pre deti
Suppress in OPAC No
949 ## - LOCAL PROCESSING INFORMATION (OCLC)
6 17A1257139
a snkSC 174191
b snk2017/9110
o 856/2017
949 ## - LOCAL PROCESSING INFORMATION (OCLC)
6 17A1257140
a snkSC 174191 D1
b snk2017/9111
o 856/2017
Holdings
Stav vyradenia Strata Poškodenie Spôsob nadobudnutia Domovská knižnica Aktuálna knižnica Dátum nadobudnutia Total checkouts Čiarový kód exemplára Date last seen Typ exemplára
      Dar Obecná knižnica Turčianska Štiavnička Obecná knižnica Turčianska Štiavnička 26.02.2026   4738000095 26.02.2026 Odborná literatúra pre deti
Projekt je podporený Slovenskou asociáciou knižníc
Prevádzkuje Turčianska knižnica Martin 2026